Основы теории точности машин и приборов

Bibliografiske detaljer
Institution som forfatter: Российская академия наук (РАН) Институт проблем машиноведения (ИПМАШ)
Andre forfattere: Иванов В. А. (редактор)
Sprog:russisk
Udgivet: СПб., Наука, 1993
Fag:
Format: MixedMaterials Bog
KOHA link:https://koha.lib.tpu.ru/cgi-bin/koha/opac-detail.pl?biblionumber=60816

MARC

LEADER 00000nam0a2200000 4500
001 60816
005 20231031061949.0
010 |a 5020247286 
035 |a (RuTPU)RU\TPU\book\64304 
090 |a 60816 
100 |a 20040220d1993 k y0rusy50 ca 
101 0 |a rus 
102 |a RU 
105 |a a z 001zy 
200 1 |a Основы теории точности машин и приборов  |f Институт проблем машиноведения; Под ред. В. А. Иванова 
210 |a СПб.  |c Наука  |d 1993 
215 |a 232 с.  |c ил. 
320 |a Библиогр. в конце глав 
610 1 |a машины 
610 1 |a приборы 
610 1 |a теория 
610 1 |a точность 
610 1 |a расчеты 
610 1 |a САПР 
610 1 |a анализ 
610 1 |a синтез 
675 |a 621.01:531  |v 3 
675 |a 681.3  |v 3 
702 1 |a Иванов  |b В. А.  |4 340 
712 0 2 |a Российская академия наук (РАН)  |b Институт проблем машиноведения (ИПМАШ)  |c (Санкт-Петербург)  |2 stltpush  |3 (RuTPU)RU\TPU\col\565 
801 1 |a RU  |b 63413507  |c 20040220  |g PSBO 
801 2 |a RU  |b 63413507  |c 20140407  |g PSBO 
942 |c BK